Role theoretic approach and North Korean foreign policy analysis
Analýza zahraničnej politiky KLDR s využitím teórie rolí. Aplikácia na prípadovú štúdiu KLDR.
Saved in:
| Main Author: | |
|---|---|
| Format: | Book Chapter |
| Language: | English |
| Subjects: | |
| Tags: |
No Tags, Be the first to tag this record!
|
MARC
| LEADER | 00000naa a2200000 4500 | ||
|---|---|---|---|
| 001 | 0229656 | ||
| 005 | 20220805075850.1 | ||
| 041 | 0 | |a eng | |
| 044 | |a SK | ||
| 245 | 1 | 0 | |a Role theoretic approach and North Korean foreign policy analysis |c Lenka Caisová |
| 520 | |a Analýza zahraničnej politiky KLDR s využitím teórie rolí. Aplikácia na prípadovú štúdiu KLDR. | ||
| 610 | 2 | 0 | |a Kórea |
| 610 | 2 | 0 | |a Severná Kórea |
| 610 | 2 | 0 | |a analýza obsahová |
| 610 | 2 | 0 | |a politika zahraničná |
| 100 | 1 | |a Caisová, Lenka | |